[Event "Staatsliga B Mitte 1998/99"]
[Site "masterchessopen.com Austria"]
[Round "3"]
[White "Ager Josef (AUT)"]
[Black "Teufl Siegfried (AUT)"]
[Result "0-1"]
[WhiteElo "2330"]
[BlackElo "2177"]

1.d4 Nf6 2.c4 g6 3.Nc3 Bg7 4.e4 d6 5.Be2 O-O 6.Nf3 e5 7.O-O Nc6 8.d5 Ne7 9.Ne1
Kh8 10.Nd3 Nfg8 11.f4 f5 12.fxe5 dxe5 13.Bg5 c6 14.Bh4 cxd5 15.cxd5 fxe4
16.Rxf8 Qxf8 17.Bxe7 Nxe7 18.Nf2 e3 19.Nfe4 Nf5 20.a3 Nd4 21.Qd3 Bf5 22.Rf1
Qd8 23.g4 Bxe4 24.Qxe4 Qb6 25.Rf7 Qxb2 26.Qxe3 Qxc3 {#R} 0-1

[Event "Staatsliga B West 2002/03"]
[Site "masterchessopen.com Austria"]
[Round "1"]
[White "Erlacher Michael (AUT)"]
[Black "Neuschmied Siegfried (AUT)"]
[Result "0-1"]
[WhiteElo "2208"]
[BlackElo "2185"]

1.d4 Nf6 2.c4 g6 3.Nc3 Bg7 4.e4 d6 5.Nf3 O-O 6.Be2 Nc6 7.O-O e5 8.d5 Ne7 9.Ne1
Ne8 10.Nd3 f5 11.f3 c5 12.a3 Kh8 13.b4 b6 14.bxc5 bxc5 15.Rb1 Bd7 16.Qb3 Ng8
17.Qb7 Bh6 18.Rb2 Nc7 19.Bxh6 Nxh6 20.Rfb1 Rf7 21.Bd1 Rg7 22.Ba4 Bxa4 23.Nxa4
fxe4 24.fxe4 Qg5 25.Re2 Rf8 26.Qc6 Ne8 27.h3 Qg3 28.Nab2 g5 29.Rbe1 g4 30.Qc8
Rc7 {#R} 0-1

[Event "Sub-zt"]
[Site "masterchessopen.com Valencia (Venezuela)"]
[Round "4"]
[White "Pitterson Jomo (JAM)"]
[Black "Harper Ryan (TRI)"]
[Result "0-1"]
[WhiteElo "2262"]
[BlackElo "2150"]

1.d4 Nf6 2.c4 g6 3.Nc3 Bg7 4.e4 d6 5.Nf3 O-O 6.Be2 e5 7.O-O Nc6 8.d5 Ne7 9.Ne1
Ne8 10.Be3 f5 11.f3 f4 12.Bf2 g5 13.c5 Ng6 14.a4 Rf7 15.a5 Bf8 16.Nd3 h5 17.a6
b6 18.cxb6 axb6 19.Nb4 Rg7 20.Ra3 Nf6 21.Bb5 Bd7 22.Bxd7 Qxd7 23.Qa4 Qd8
24.Nb5 g4 25.fxg4 Nxg4 26.Qc2 Nh4 27.g3 Qd7 28.Qc6 Qd8 29.Rc3 Ne3 30.Bxe3 fxg3
31.Bc1 gxh2+ 32.Kh1 Qc8 33.Rg3 Rxg3 34.Qxc7 Rg1+ 35.Kxh2 Rg2+ {#R} 0-1

[Event "Tournament"]
[Site "masterchessopen.com Aarhus (Denmark)"]
[Round "4"]
[White "Jensen Jacob Bjerre (DEN)"]
[Black "Alkaersig Ole (DEN)"]
[Result "1-0"]
[WhiteElo "2220"]
[BlackElo "2185"]

1.d4 g6 2.c4 Bg7 3.Nc3 d6 4.e4 Nf6 5.Nf3 O-O 6.Be2 e5 7.O-O Nc6 8.d5 Ne7 9.Ne1
Ne8 10.Nd3 f5 11.Bd2 Kh8 12.Rc1 Ng8 13.Qc2 Ngf6 14.f3 f4 15.c5 Rf7 16.cxd6
cxd6 17.a4 h5 18.Nb5 g5 19.Bc3 g4 20.Bxe5 dxe5 21.Nxe5 Re7 22.Ng6+ Kg8 23.Bc4
Rf7 24.d6 Nxd6 25.Nxd6 Qxd6 26.Qb3 Qb6+ 27.Qxb6 axb6 28.e5 Nd7 29.e6 Bd4+
30.Kh1 Kg7 31.exd7 Rxd7 32.Nxf4 Kh6 33.fxg4 hxg4 34.Be6 Rd8 35.Rcd1 Bf6 {#r}
1-0

[Event "Tournament"]
[Site "masterchessopen.com Edmonton (Canada)"]
[Round "1"]
[White "Ottosen David (CAN)"]
[Black "Brady Ficko"]
[Result "1-0"]
[WhiteElo "2133"]
[BlackElo "1940"]

1.d4 Nf6 2.Nf3 g6 3.c4 Bg7 4.Nc3 d6 5.e4 O-O 6.Be2 e5 7.O-O Nc6 8.d5 Ne7 9.Ne1
a5 10.Be3 Nd7 11.a3 f5 12.f3 f4 13.Bf2 h5 14.Rc1 Nf6 15.c5 g5 16.Nb5 Ne8
17.cxd6 cxd6 18.Nc7 Nxc7 19.Bb6 Qe8 20.Rxc7 Bf6 21.g4 hxg4 22.fxg4 Qg6 23.h3
Qxe4 24.Bd3 {#r} 1-0

[Event "Tournament"]
[Site "masterchessopen.com Florida (Argentina)"]
[Round "4"]
[White "Doval Oscar (ARG)"]
[Black "Della Morte Pablo (ARG)"]
[Result "0-1"]
[WhiteElo "2024"]
[BlackElo "2277"]

1.e4 d6 2.d4 g6 3.c4 Bg7 4.Nc3 Nf6 5.Be2 O-O 6.Nf3 e5 7.O-O Nc6 8.d5 Ne7 9.Ne1
Ne8 10.Be3 f5 11.f3 f4 12.Bf2 g5 13.Nb5 a6 14.Na7 Bd7 15.c5 dxc5 16.Bxc5 Nd6
17.Qb3 Qb8 18.Kh1 Rxa7 19.Bxa7 Qxa7 20.Rc1 Rc8 21.Nc2 Qb6 22.Qxb6 cxb6 23.Na3
b5 24.Rxc8+ Nexc8 25.Rc1 Kf7 26.Nb1 a5 27.Rc7 Ke8 28.Nc3 Kd8 29.Rc5 b6 {#R}
0-1

[Event "Tournament"]
[Site "masterchessopen.com Lyngby (Denmark)"]
[Round "4"]
[White "Fedder Steen (DEN)"]
[Black "Jensen Allan (DEN)"]
[Result "1-0"]
[WhiteElo "2380"]
[BlackElo "2171"]

1.d4 Nf6 2.c4 g6 3.Nc3 Bg7 4.e4 d6 5.Be2 O-O 6.Nf3 e5 7.O-O Nc6 8.d5 Ne7 9.Ne1
Ne8 10.Nd3 f5 11.f4 fxe4 12.Nxe4 c6 13.fxe5 Rxf1+ 14.Qxf1 dxe5 15.Bg5 cxd5
16.cxd5 Qb6+ 17.Ndc5 Nxd5 18.Bc4 Be6 19.Kh1 Nec7 20.Qd3 h6 21.Bf6 Bf7 22.Rf1
Qc6 23.Nxb7 Rf8 24.Nd8 Qa8 25.Bxg7 Nf4 26.Rxf4 Rxd8 27.Rxf7 Nd5 28.Qxd5 Rxd5
29.Rc7 Qd8 30.Bxd5+ Qxd5 31.Nf6# 1-0

[Event "Tournament"]
[Site "masterchessopen.com Provence (France)"]
[Round "3"]
[White "Maruejols Claude (FRA)"]
[Black "Sintes Marc (FRA)"]
[Result "1-0"]
[WhiteElo "2034"]
[BlackElo "2057"]

1.d4 Nf6 2.c4 g6 3.Nc3 Bg7 4.e4 d6 5.Be2 O-O 6.Nf3 e5 7.O-O Nc6 8.d5 Ne7 9.Ne1
c5 10.Bd2 Ne8 11.Rb1 f5 12.f3 f4 13.Nd3 g5 14.g4 fxg3 15.hxg3 Ng6 16.Qc1 Nf4
17.Kf2 Nxd3+ 18.Bxd3 g4 19.f4 exf4 20.Bxf4 Qf6 21.Kg2 Qd4 22.Qc2 {#r} 1-0

[Event "Tournament (Elo)"]
[Site "masterchessopen.com Budapest (Hungary)"]
[Round "1"]
[White "Kvakovszky George (USA)"]
[Black "Erdelyi Zombor (HUN)"]
[Result "1-0"]
[WhiteElo "2142"]
[BlackElo "2130"]

1.Nf3 Nf6 2.c4 g6 3.Nc3 Bg7 4.e4 d6 5.d4 O-O 6.Be2 e5 7.O-O Nc6 8.d5 Ne7 9.Ne1
Ne8 10.f4 exf4 11.Bxf4 f5 12.Bg5 h6 13.Bf4 fxe4 14.Nxe4 Nf5 15.Qd2 Qe7 16.Bd3
g5 17.Be3 Nxe3 18.Rxf8+ Qxf8 19.Qxe3 Bxb2 20.Rb1 Be5 21.g3 Ng7 22.Nf2 b6
23.Nf3 Bf6 24.Rf1 Bd7 25.Ne4 Bf5 26.Nxf6+ Qxf6 27.Nd4 Re8 28.Qf2 {#r} 1-0

[Event "Tournament (Elo)"]
[Site "masterchessopen.com Hamburg (Germany)"]
[Round "3"]
[White "Hansen Marc (GER)"]
[Black "Schubert Silke (GER)"]
[Result "0-1"]
[WhiteElo "1867"]
[BlackElo "2033"]

1.d4 Nf6 2.c4 g6 3.Nc3 Bg7 4.e4 d6 5.Nf3 O-O 6.Be2 e5 7.O-O Nc6 8.d5 Ne7 9.Ne1
Ne8 10.Be3 f5 11.f3 f4 12.Bf2 g5 13.c5 h5 14.cxd6 cxd6 15.Rc1 Rf7 16.Qc2 g4
17.Nb5 Bd7 18.Qd2 Ng6 19.Qb4 g3 20.Bxa7 Qh4 {#R} 0-1

[Event "Tournament (Elo)"]
[Site "masterchessopen.com Ukhta (Russia)"]
[Date "2010.04.11"]
[Round "6"]
[White "Patsuk Elena (RUS)"]
[Black "Uliashov Dmitriy (RUS)"]
[Result "1-0"]
[WhiteElo "1938"]
[BlackElo "2257"]

1.d4 Nf6 2.Nf3 g6 3.c4 Bg7 4.Nc3 O-O 5.e4 d6 6.Be2 e5 7.O-O Nc6 8.d5 Ne7 9.Ne1
Ne8 10.f3 f5 11.g4 c6 12.Be3 f4 13.Bf2 g5 14.Nd3 c5 15.b4 b6 16.a4 a5 17.bxc5
bxc5 18.Nb5 h5 19.h3 hxg4 20.hxg4 Rf6 21.Kg2 Rh6 22.Rh1 Rxh1 23.Qxh1 Nf6
24.Nxc5 dxc5 25.Bxc5 Bxg4 26.fxg4 Nxe4 27.Bxe7 Qxe7 28.Bf3 Ng3 29.d6 e4
30.dxe7 exf3+ 31.Kxf3 Nxh1 32.Re1 {#r} 1-0

[Event "Tournament (Elo) (3)"]
[Site "masterchessopen.com Ecuador"]
[Round "0"]
[White "Ocana Briones Eduardo (ECU)"]
[Black "Alarcon Tirado Cesar (ECU)"]
[Result "1-0"]
[WhiteElo "2107"]
[BlackElo "2276"]

1.d4 Nf6 2.c4 g6 3.Nc3 Bg7 4.e4 d6 5.Be2 O-O 6.Nf3 e5 7.O-O Nc6 8.d5 Ne7 9.Ne1
Ne8 10.Be3 f5 11.f3 f4 12.Bf2 h5 13.c5 g5 14.cxd6 cxd6 15.a4 Rf6 16.a5 Rg6
17.Nb5 Bd7 18.Nxa7 Nc8 19.Nxc8 Bxc8 20.Bb6 Qe7 21.Bb5 g4 22.Bxe8 Qxe8 23.Rf2
Bd7 24.Rc2 Ba4 25.Rxa4 Qxa4 26.Rc8+ Rxc8 27.Qxa4 Rc1 28.Kf1 gxf3 29.gxf3 {#r}
1-0

[Event "Tournament (Elo) (a)"]
[Site "masterchessopen.com Budapest (Hungary)"]
[Round "10"]
[White "Bordas Gyula (HUN)"]
[Black "Garner David (ENG)"]
[Result "0-1"]
[WhiteElo "2186"]
[BlackElo "2159"]

1.c4 Nf6 2.Nc3 g6 3.e4 d6 4.d4 Bg7 5.Be2 O-O 6.Nf3 e5 7.O-O Nc6 8.d5 Ne7 9.Ne1
Ne8 10.f4 exf4 11.Bxf4 f5 12.exf5 Nxf5 13.Nf3 Nf6 14.Ng5 Qe7 15.Qd2 h6 16.Ne6
Bxe6 17.dxe6 Qxe6 18.g4 Nh4 19.Rae1 Rae8 20.Bg3 g5 21.Bd1 Qd7 22.Qd3 Rxe1
23.Rxe1 Nxg4 24.Bxh4 gxh4 25.Qd5+ Kh8 26.Bc2 Be5 27.Qxb7 h3 28.Nd1 Nxh2 29.Qe4
{#R} 0-1

[Event "Tournament (open)"]
[Site "masterchessopen.com Calgary (Canada)"]
[Round "0"]
[White "Parrott John"]
[Black "Odachowski Arthur (CAN)"]
[Result "0-1"]
[WhiteElo "1977"]
[BlackElo "2205"]

1.d4 Nf6 2.c4 g6 3.Nf3 Bg7 4.Nc3 O-O 5.e4 d6 6.Be2 e5 7.O-O Nc6 8.d5 Ne7 9.Ne1
a5 10.Be3 Ne8 11.f3 f5 12.g3 Nf6 13.Ng2 Bd7 14.Qc2 h6 15.Bd3 Nh5 16.Bd2 Qc8
17.b3 f4 18.g4 Bxg4 19.fxg4 Qxg4 20.Kh1 Ng3+ 21.Kg1 Nxf1 22.Kxf1 f3 23.Ne3
Qh3+ 24.Kg1 f2+ 25.Kh1 Qf3+ {#R} 0-1

[Event "Tournament (open)"]
[Site "masterchessopen.com Italy"]
[Round "7"]
[White "Marta Daniele (ITA)"]
[Black "Pagano Sergio (ITA)"]
[Result "0-1"]
[WhiteElo "2029"]
[BlackElo "2221"]

1.d4 d6 2.c4 g6 3.Nc3 Bg7 4.e4 Nf6 5.Nf3 O-O 6.Be2 e5 7.O-O Nc6 8.d5 Ne7 9.Ne1
Ne8 10.Be3 f5 11.f3 f4 12.Bf2 h5 13.b4 g5 14.c5 Ng6 15.a4 Rf7 16.a5 Bf8
17.cxd6 Bxd6 18.Qb3 g4 19.Kh1 Qg5 20.a6 b6 21.Bb5 Nf6 22.Bc6 Rb8 23.Nb5 g3
24.Bg1 Ng4 25.fxg4 hxg4 26.Nxa7 Rh7 27.Ra2 Rxh2+ 28.Bxh2 Qh4 29.Nf3 gxf3
30.gxf3 Bxa6 31.b5 Qh3 32.Qd3 Bc8 33.Re2 Qxf1+ {#R} 0-1

[Event "Tournament (open)"]
[Site "masterchessopen.com Italy"]
[Round "3"]
[White "Scavo Fernando (ITA)"]
[Black "Pagano Sergio (ITA)"]
[Result "1-0"]
[WhiteElo "2165"]
[BlackElo "2221"]

1.d4 d6 2.Nf3 Nf6 3.c4 g6 4.Nc3 Bg7 5.e4 O-O 6.Be2 e5 7.O-O Nc6 8.d5 Ne7 9.Ne1
Ne8 10.f3 f5 11.Be3 f4 12.Bf2 h5 13.c5 g5 14.a4 a5 15.cxd6 cxd6 16.Nb5 Rf7
17.Na3 g4 18.Nc4 g3 19.Bb6 gxh2+ 20.Kh1 Nc7 21.Rc1 Ng6 22.Na3 Qg5 23.Rxc7 Rxc7
24.Bxc7 Nh4 25.Nc4 Qg3 26.Bb6 Ra6 27.Bf2 Qg5 28.Nb6 Nxg2 29.Nxc8 {#r} 1-0

[Event "Tournament (open)"]
[Site "masterchessopen.com Tczew (Poland)"]
[Date "2010.12.01"]
[Round "8"]
[White "Bodio Leszek (POL)"]
[Black "Ziemann Jaroslaw (POL)"]
[Result "0-1"]
[WhiteElo "1868"]
[BlackElo "1950"]

1.d4 Nf6 2.c4 g6 3.Nc3 Bg7 4.e4 d6 5.Be2 O-O 6.Nf3 Nc6 7.O-O e5 8.d5 Ne7 9.Ne1
c5 10.Be3 h6 11.Kh1 g5 12.g3 Ng6 13.Ng2 Bh3 14.f4 exf4 15.gxf4 Re8 16.fxg5
Nxe4 17.Nxe4 Rxe4 18.gxh6 Bxg2+ 19.Kxg2 Rxe3 20.hxg7 Qg5+ 21.Kh1 Kxg7 22.Bd3
Rh8 23.Bxg6 Rxh2+ 24.Kxh2 Qh4+ 25.Kg2 Rg3+ 26.Kf2 Qh2+ {#R} 0-1

[Event "Turkish Is Bank League"]
[Site "masterchessopen.com Marmaris (Turkey)"]
[Date "2006.04.18"]
[Round "0"]
[White "Polatel Levent (TUR)"]
[Black "Can Emre (TUR)"]
[Result "1-0"]
[WhiteElo "2011"]
[BlackElo "2399"]

1.Nf3 Nf6 2.c4 g6 3.Nc3 Bg7 4.e4 d6 5.d4 O-O 6.Be2 e5 7.O-O Nc6 8.d5 Ne7 9.Ne1
Ne8 10.Be3 f5 11.f3 f4 12.Bf2 h5 13.Rc1 g5 14.c5 Ng6 15.a4 Rf7 16.a5 Bf8
17.cxd6 Bxd6 18.Nb5 Nf6 19.Nxa7 Rxa7 20.Bxa7 g4 21.Bc5 g3 22.h3 Nh7 23.Bxd6
Bxh3 24.gxh3 Ng5 25.Bc5 Qd7 26.Bc4 Nxh3+ 27.Kh1 Nf2+ 28.Rxf2 gxf2 29.Bf1
fxe1=Q 30.Qxe1 Rg7 31.Qf2 Qd8 32.Bh3 {#r} 1-0

[Event "VK3 1997/98"]
[Site "masterchessopen.com NRW (Germany)"]
[Round "3"]
[White "Krings Christoph (GER)"]
[Black "Richter Juergen (GER)"]
[Result "1-0"]
[WhiteElo "2192"]
[BlackElo "1944"]

1.d4 Nf6 2.c4 g6 3.Nc3 Bg7 4.e4 d6 5.Nf3 O-O 6.Be2 e5 7.O-O Nc6 8.d5 Ne7 9.Ne1
Ne8 10.Be3 f5 11.f3 c5 12.dxc6 bxc6 13.Qd2 Be6 14.Nc2 Qc7 15.b4 Nf6 16.c5 d5
17.exd5 Nfxd5 18.Nxd5 Nxd5 19.a4 Rfd8 20.Bg5 Rd7 21.Bc4 Nf4 22.Qc3 Kf8 23.Rad1
e4 24.Qb3 Rxd1 25.Rxd1 Ne2+ 26.Kh1 Bxc4 27.Qxc4 exf3 28.gxf3 Re8 29.Rd6 Nc3
30.Nd4 {#r} 1-0

[Event "VK4 1995/96"]
[Site "masterchessopen.com NRW (Germany)"]
[Round "0"]
[White "Grosse-Hering Peter (GER)"]
[Black "Spiess Timo (GER)"]
[Result "1-0"]
[WhiteElo "1937"]
[BlackElo "2186"]

1.d4 Nf6 2.c4 g6 3.Nc3 Bg7 4.e4 O-O 5.Nf3 d6 6.Be2 e5 7.O-O Nc6 8.d5 Ne7 9.Ne1
c5 10.a3 Ne8 11.Nd3 f5 12.f4 Nf6 13.fxe5 Nxe4 14.exd6 Bd4+ 15.Kh1 Nxd6 16.Nxc5
Bxc5 17.b4 Bb6 18.c5 Bc7 19.cxd6 Bxd6 20.Qd4 Qc7 21.Nb5 Be5 22.Nxc7 Bxd4 23.d6
Nc6 24.Bc4+ Kg7 25.Ra2 Rb8 26.Be6 Kf6 27.d7 Bxd7 28.Bxd7 Rf7 29.Bxc6 bxc6
30.Rd2 Rd7 31.Na6 Rb6 32.Nc5 Rd8 {#r} 1-0

[Event "Zt"]
[Site "masterchessopen.com Auckland (New Zealand)"]
[Round "3"]
[White "Feldman Vladimir (AUS)"]
[Black "McLaren Brian (CAN)"]
[Result "1-0"]
[WhiteElo "2324"]
[BlackElo "2149"]

1.d4 Nf6 2.c4 g6 3.Nc3 Bg7 4.e4 d6 5.Nf3 O-O 6.Be2 e5 7.O-O Nc6 8.d5 Ne7 9.Ne1
Ne8 10.Be3 f5 11.f3 f4 12.Bf2 g5 13.a4 Ng6 14.a5 Rf7 15.c5 dxc5 16.Bxc5 Nd6
17.Nb5 Bf8 18.Rc1 h5 19.h3 Nh4 20.Bf2 Rg7 21.Nxd6 Bxd6 22.Nd3 Kh8 23.Nc5 Bxc5
24.Rxc5 g4 25.fxg4 hxg4 26.hxg4 Qg5 27.Rc3 Rh7 28.d6 cxd6 29.Qxd6 Bxg4 30.Bxh4
Qxh4 31.Qxe5+ Kg8 32.Bc4+ Rf7 33.Bxf7+ Kxf7 34.Rc7+ {#r} 1-0

[Event "Zt"]
[Site "masterchessopen.com Nikolaev (Ukraine)"]
[Round "6"]
[White "Koutsin Sergey (UKR)"]
[Black "Zulfugarli Magomed (AZE)"]
[Result "1-0"]
[WhiteElo "2455"]
[BlackElo "2405"]

1.d4 Nf6 2.c4 g6 3.Nc3 Bg7 4.e4 d6 5.Nf3 O-O 6.Be2 e5 7.O-O Nc6 8.d5 Ne7 9.Ne1
Ne8 10.Be3 f5 11.f3 f4 12.Bf2 g5 13.a4 Nf6 14.c5 h5 15.a5 g4 16.cxd6 cxd6
17.Nb5 g3 18.Bxa7 Ng6 19.Bb6 Qe7 20.Nc7 Nh7 21.Kh1 Rb8 22.Rc1 Ng5 23.Ba7 Nf7
24.Ne6 b6 25.Rxc8 Rfxc8 26.Bxb8 Rxb8 27.a6 Nf8 28.Bb5 gxh2 29.Nd3 Ra8 30.Qc2
Nxe6 31.dxe6 Nd8 32.Nb4 Nxe6 33.Qc6 Ra7 34.Qc8+ Qd8 {#r} 1-0